000 02189cam a22005294i 4500
003 PE-LiUPU
005 20250731165448.0
008 150623s r 000 0 d
020 _a0816312028
035 _a(Sirsi) i9780816312023
040 _aPE-LiUPU
_bspa
_cPE-LiUPU
_erda
049 _aPRUA
100 1 _aDybdahl, Jon L.,
_eautor.
245 1 0 _aExodus; God creates a people.
_n2 /
_cJon L. Dybdahl.
264 1 _aBoise, Idaho :
_bPacific press publishing association,
_c1994.
300 _a288 páginas ;
_c24 centímetros
336 _atext
_2rdacontent
337 _aunmediated
_2rdamedia
338 _avolume
_2rdacarrier
490 0 _aThe abundant life bible amplifier ;
_v2
504 _aIncluye bibliografía.
505 0 _aGod sees oppression. -God acts to deliver. -God makes a covenant. -God lives among his people.
526 _aSEG44
526 _aSEG26
526 _aP151
526 _aP150
526 _aP149
526 _aP146
526 _aP145
526 _aP126
526 _aP125
526 _aP92
526 _aP75
526 _aP74
526 _aP27
526 _aP15
630 _aBiblia.
_pA.T.
_pExodo
_xComentrios.
942 _2ddc
_cBOOK
949 _aRC 220.77 BA 2
_wDEWEY
_c1
_i43886
_lCCODEBUL1
_mBUL
_r0
_sY
_tBOOK
_u2015-6-24
_xTEOLOGIA
_zUNKNOWN
_0COMPRA
_o.CIRCNOTE. No olvidar cambiar la fecha de devolución!!!!!!!
_o.STAFF. Colección General
949 _aRC 220.77 BA 2
_wDEWEY
_c2
_i49946
_lCCODEBUL1
_mBUL
_r0
_sY
_tBOOK
_u2015-6-24
_xTEOLOGIA
_PP35
_0COMPRA
_o.CIRCNOTE. No olvidar cambiar la fecha de devolución!!!!!!!
_o.STAFF. Colección General
994 _aC0
_bPEPRU
596 _a1
999 _aRC 220.77 BA 2
_wDEWEY
_c20389
_i43886
_f2021-11-8
_g6
_lCCODEBUL1
_mBUL
_r1
_sY
_tBOOK
_u2015-6-24
_xTEOLOGIA
_zUNKNOWN
_0COMPRA
_o.CIRCNOTE. No olvidar cambiar la fecha de devolución!!!!!!!
_o.STAFF. Colección General
_d20389
999 _aRC 220.77 BA 2
_wDEWEY
_c2
_i49946
_d2019-7-24
_f2021-11-8
_g6
_lCCODEBUL1
_mBUL
_q1
_r1
_sY
_tBOOK
_u2015-6-24
_xTEOLOGIA
_PP35
_0COMPRA
_o.CIRCNOTE. No olvidar cambiar la fecha de devolución!!!!!!!
_o.STAFF. Colección General
980 _81
_gALBERTO SANCHEZ Responsable de Automatización